| 000 | 00532 a2200205 4500 | ||
|---|---|---|---|
| 005 | 20260210110724.0 | ||
| 008 | 260209b |||||||| |||| 00| 0 eng d | ||
| 020 |
_a9788119684472 _cRs. 1895.00 |
||
| 040 | _aMAIN | ||
| 082 |
_a547.05 _bR197F |
||
| 100 | _aRavikant | ||
| 245 | _aFundamentals of organometallic chemistry | ||
| 260 |
_bBook Enclave _c2025 _aJaipur |
||
| 300 | _avii, 256 | ||
| 650 | _aChemistry | ||
| 650 | _aOrganic Chemistry | ||
| 700 | _aSharma, Dinesh Kumar | ||
| 700 | _aSharma, Manisha | ||
| 942 | _cBK | ||
| 999 |
_c394468 _d394468 |
||